000 00566nam a22001577a 4500
005 20241119084437.0
008 241119b |||||||| |||| 00| 0 eng d
020 _a9715422209
082 _21999
_aC817
100 _aCorpuz, Arturo G.
_964270
245 _aThe colonial iron horse :
_brailroads and regional development in the philippines 1875-1935 /
_cArturo G. Corpuz
260 _aQuezon City :
_bUniversity of the philippines press,
_c©1999.
300 _aix, 262 pages :
_billustrations ;
_c22 cm.
500 _aIncludes appendices and index.
942 _2ddc
_cDFIL
999 _c23225
_d23225